Thể dục 5 Sách giáo viên

Saved in:
Bibliographic Details
Main Author: Trần, Đồng Lâm
Other Authors: Đặng, Đức Thao
Format: Book
Language:Undetermined
Published: H. Giáo dục Việt Nam 2010
Subjects:
Online Access:http://lrc.tdmu.edu.vn/opac/search/detail.asp?aID=2&ID=16340
Tags: Add Tag
No Tags, Be the first to tag this record!
Institutions: Trung tâm Học liệu Trường Đại học Thủ Dầu Một
LEADER 00682nam a2200217Ia 4500
001 TDMU_16340
008 210410s9999 xx 000 0 und d
082 |a 790.72 
090 |b TR121 
100 |a Trần, Đồng Lâm 
245 0 |a Thể dục 5 
245 0 |b Sách giáo viên 
245 0 |c Trần Đồng Lâm 
260 |a H. 
260 |b Giáo dục Việt Nam 
260 |c 2010 
300 |a 176tr 
650 |a Sách lớp 5; Sách giáo viên; Thể dục 
700 |a Đặng, Đức Thao 
856 |u http://lrc.tdmu.edu.vn/opac/search/detail.asp?aID=2&ID=16340 
980 |a Trung tâm Học liệu Trường Đại học Thủ Dầu Một